| 000 | 00613nam a2200229 a 4500 | ||
|---|---|---|---|
| 005 | 20210219153335.0 | ||
| 008 | 991125n 000 0 u | ||
| 035 | _aUPN01000092529 | ||
| 100 | _aNikola-Lisa, W. | ||
| 222 | _aCHILDREN'S LITERATURE IN EDUCATION | ||
| 245 | _aPirates, pirates over the salt, salt sea | ||
| 300 | _a101-114 | ||
| 362 | _a24, No. 2, 1993 | ||
| 505 | _aNoviembre 1993 | ||
| 653 | 0 | _aLIBROS DE PINTURAS | |
| 653 | 0 | _aLITERATURA DEL ADOLESCENTE | |
| 653 | 0 | _aLITERATURA INFANTIL | |
| 653 | 0 | _aROL SEXUAL | |
| 653 | 0 | _aVICTIMAS | |
| 904 |
_aAC _b030340 |
||
| 905 | _aArticulo | ||
| 999 |
_c74356 _d74356 |
||